|
|
|
|
| LEADER |
01073nam a2200301 a 4500 |
| 001 |
421 |
| 003 |
BD-DhAAL |
| 005 |
20150602134953.0 |
| 008 |
150602s1996 nyua 001 0 eng |
| 010 |
|
|
|a 96005711
|
| 020 |
|
|
|a 0070443645 (hardcover)
|
| 020 |
|
|
|a 0070443653 (pbk.)
|
| 040 |
|
|
|a DLC
|c DLC
|d DLC
|d BD-DhAAL
|
| 050 |
0 |
0 |
|a QA76.76.C47
|b M84 1996
|
| 082 |
0 |
0 |
|a 004.6
|2 20
|
| 100 |
1 |
|
|a Mueller, John,
|d 1958-
|9 11607
|
| 245 |
1 |
0 |
|a Novell certification handbook /
|c John Mueller, Robert A. Williams.
|
| 250 |
|
|
|a 2nd ed.
|
| 260 |
|
|
|a New York :
|b McGraw-Hill,
|c c1996.
|
| 300 |
|
|
|a xvi, 320 p. :
|b ill. ;
|c 25 cm.
|
| 500 |
|
|
|a Includes index.
|
| 541 |
|
|
|e 421
|
| 650 |
|
0 |
|a Electronic data processing personnel
|x Certification.
|9 11608
|
| 650 |
|
0 |
|a Novell software
|x Study and teaching.
|9 11609
|
| 700 |
1 |
|
|a Williams, Robert A.
|q (Robert Allen)
|9 11610
|
| 942 |
|
|
|2 ddc
|c BK
|
| 999 |
|
|
|c 34589
|d 34589
|
| 952 |
|
|
|0 0
|1 0
|2 ddc
|4 0
|6 004_600000000000000_MUE
|7 0
|9 54017
|a SCL
|b SCL
|c GEN
|d 2015-06-02
|e Gift: The Asia Foundation
|l 0
|o 004.6 MUE
|p 3020000421
|r 2015-06-02
|t 1
|w 2015-06-02
|y BK
|